| 000 | 00000nam##2200000za#4500 |
| 001 | 9.688983 |
| 003 | CaOODSP |
| 005 | 20220107103656 |
| 007 | cr ||||||||||| |
| 008 | 150407|2006||||xxc|||||o f|0| 0 eng|d |
| 020 | |a0-662-44478-7 |
| 040 | |aCaOODSP|beng |
| 043 | |an-cn--- |
| 086 | 1 |aHP40-11/2006E-PDF |
| 110 | 2 |aCentre for Infectious Disease Prevention and Control (Canada) |
| 245 | 10|aHighlights from the Canadian Pandemic Influenza Plan for the health sector : |h[electronic resource]|bpreparing for an influenza pandemic : the Canadian health perspective |
| 260 | |aOttawa - Ontario : |bPublic Health Agency of Canada. |c2006. |
| 300 | |a20p.|btable |
| 500 | |aIncorrect catalogue number (HP40-11/2006-PDF) printed in this publication. |
| 590 | |a07-16|b2007-04-20 |
| 690 | 07|aInfluenza|2gcpds |
| 775 | 08|tPoints saillants du Plan canadien de lutte contre la pandémie d'influenza pour le secteur de la santé : |w(CaOODSP)9.633403 |
| 776 | 0#|tHighlights from the Canadian Pandemic Influenza Plan for the health sector : |w(CaOODSP)9.668117 |
| 776 | 0#|tPoints saillants du Plan canadien de lutte contre la pandémie d'influenza pour le secteur de la santé : |w(CaOODSP)9.668118 |
| 856 | 40|ahttp://publications.gc.ca|qPDF|s2830 KB|uhttps://publications.gc.ca/collections/Collection/HP40-11-2006E.pdf |